| 000 | 00636nam a22001937a 4500 | ||
|---|---|---|---|
| 003 | AM-YeHGA | ||
| 040 | _aAM-YeHGA | ||
| 090 | _c425975 | ||
| 005 | 20250617154956.0 | ||
| 008 | 190620b ||||| |||| 00| 0 rus d | ||
| 041 | 0 |
_arus _harm |
|
| 100 | 0 | _aГандзакеци Киракос | |
| 245 | 1 | 0 |
_aИстория / _cКиракос Гандзакеци; Пер. с древнеарм. Т. Тер-Григорьяна |
| 260 |
_aБаку : _bАН АзССР, _c1946 |
||
| 300 | _a302 с. | ||
| 653 | 0 | _aЗакавказье - История | |
| 700 | 1 |
_aТер-Григорьян, Т. _eпер. _4trl |
|
| 942 |
_2udc _cBK |
||
| 999 |
_c423528 _d423528 |
||